000 00603nam a2200181 i 4500
001 100498
003 ES-MaACL
005 20250730063117.0
007 t|
008 050929s1954 sp a |||| |aspa d
100 1 _aMasriera, Lluís,
_d1872-1958
_9170950
245 1 0 _aMis memorias
_b: la sociedad de Barcelona vista desde un mostrador a últimos del siglo pasado /
_cLuis Masriera.
260 _aBarcelona :
_bDalmau y Jover,
_c1954.
300 _a89 p. :
_bil. ;
_c20 cm.
600 1 7 _aMasriera, Lluís,
_d1872-1958
_2
_9170950
852 _aES-MaACL
_j1978-F-8
999 _c100498
_d100498